000 00678nam a2200253Ia 4500
003 OSt
005 20221007072559.0
006 a|||||r|||| 00| 0
007 ta
008 221006b |||||||| |||| 00| 0 eng d
020 _a0421606908
024 _a9,039
037 _cTextual
040 _aFLL
_cFLL
_beng
041 _2eng
_aeng
082 _aX:545:Z3, P0
100 _aSchmitthoff
_9636335
245 0 _aExport trade the law and practice of international trade
250 _a10th
260 _aLondon
_bSweet & Maxwell London
_c2000
300 _acxxiv,718p
_ccm.
942 _hX:545:Z3, P0
_cTEXL
_2CC
999 _c1146472
_d1146472